[Event "Budapest FS03 FM"]
[Site "Budapest"]
[Date "2023.03.08"]
[Round "6"]
[White "Csiba, Tibor"]
[Black "Santhosh, VL."]
[Result "1/2-1/2"]
[WhiteElo "1552"]
[BlackElo "1730"]
[PlyCount "121"]
[EventDate "2023.03.04"]
[EventType "team-tourn"]
[EventRounds "9"]
[EventCountry "HUN"]
[SourceTitle "CBM 213 Extra"]
[Source "ChessBase"]
[SourceDate "2023.05.31"]
[SourceVersion "1"]
[SourceVersionDate "2023.05.31"]
[SourceQuality "1"]
[WhiteTeam "Team Lower Elo"]
[BlackTeam "Team Higher Elo"]
[WhiteTeamCountry "HUN"]
[BlackTeamCountry "HUN"]

1. d4 Nf6 2. Nc3 d5 3. Bf4 Bf5 4. f3 e6 5. g4 Bg6 6. h4 h5 7. g5 Nfd7 8. Nb5 Na6 9. a3 Nb6 10. e3 c6 11. Nc3 Nc7 12. Qd2 Bd6 13. Nh3 Bf5 14. Bxd6 Qxd6 15. Qh2 Qxh2 16. Rxh2 0-0-0 17. 0-0-0 Ne8 18. e4 dxe4 19. fxe4 Bg4 20. Be2 Bxe2 21. Rxe2 g6 22. e5 Ng7 23. Ng1 Nf5 24. Nf3 Nd5 25. Nxd5 cxd5 26. b4 Kd7 27. Rd3 Rc8 28. Kb2 Rc4 29. Rc3 Nxd4 30. Nxd4 Rxd4 31. Rf2 Rf8 32. Rcf3 Ke7 33. Rf4 Rxf4 34. Rxf4 Rc8 35. Kb3 b5 36. c3 Rc7 37. Rd4 Kd8 38. Rd3 Kc8 39. Rd4 Kb7 40. Kb2 Kb6 41. Kb3 Rc4 42. Kb2 a5 43. Kb3 Ka6 44. Kb2 axb4 45. axb4 Kb6 46. Kc2 Rc7 47. Kb2 Kc6 48. Kc2 Kd7 49. Rf4 Ke8 50. Kb2 Rd7 51. Rd4 Ra7 52. Rf4 Rc7 53. Rd4 Ke7 54. Rf4 Kd8 55. Rd4 Rd7 56. Kb3 Kc8 57. Kb2 Kc7 58. Kb3 Kb6 59. Kb2 Kc6 60. Kb3 Ra7 61. Kb2 1/2-1/2

[Event "Budapest FS03 FM"]
[Site "Budapest"]
[Date "2023.03.06"]
[Round "3"]
[White "Santhosh, VL."]
[Black "Csiba, Tibor"]
[Result "1/2-1/2"]
[WhiteElo "1730"]
[BlackElo "1552"]
[PlyCount "131"]
[EventDate "2023.03.04"]
[EventType "team-tourn"]
[EventRounds "9"]
[EventCountry "HUN"]
[SourceTitle "CBM 213 Extra"]
[Source "ChessBase"]
[SourceDate "2023.05.31"]
[SourceVersion "1"]
[SourceVersionDate "2023.05.31"]
[SourceQuality "1"]
[WhiteTeam "Team Higher Elo"]
[BlackTeam "Team Lower Elo"]
[WhiteTeamCountry "HUN"]
[BlackTeamCountry "HUN"]

1. e4 c6 2. d4 d5 3. Nc3 dxe4 4. Nxe4 Bf5 5. Ng3 Bg6 6. Nf3 Nd7 7. Bd3 Bxd3 8. Qxd3 e6 9. 0-0 Ngf6 10. Re1 Be7 11. c4 0-0 12. Bd2 a5 13. Bc3 Bb4 14. Bxb4 axb4 15. Qb3 Qb6 16. Ne4 Nxe4 17. Rxe4 c5 18. Ne5 Nxe5 19. dxe5 Rad8 20. Rae1 Rd2 21. Kf1 Qc6 22. f3 Rfd8 23. R1e2 g6 24. g4 Qd7 25. Qe3 b6 26. Rxd2 Qxd2 27. Qxd2 Rxd2 28. Re2 Rd3 29. Kf2 Kf8 30. g5 Ke7 31. b3 Kd7 32. Rc2 Kc6 33. Ke2 Rd4 34. Rd2 Rxd2+ 35. Kxd2 b5 36. Kc2 Kb6 37. Kb2 Ka5 38. cxb5 Kxb5 39. Kc2 c4 40. Kd2 c3+ 41. Kd3 Kc5 42. a4 bxa3 43. Kxc3 Kb5 44. h3 Kc5 45. b4+ Kb5 46. Kb3 a2 47. Kxa2 Kxb4 48. Kb2 Kc4 49. Kc2 Kd4 50. Kd2 Kxe5 51. Ke3 Kf5 52. f4 e5 53. fxe5 Kxe5 54. h4 f6 55. gxf6 Kxf6 56. Kf4 h6 57. Kg4 Ke5 58. Kg3 Kf5 59. Kf3 g5 60. hxg5 hxg5 61. Kg3 g4 62. Kg2 Kf4 63. Kf2 Kg5 64. Kg3 Kf5 65. Kg2 Kf4 66. Kf2 1/2-1/2